Wykluczanie według kategorii - języki urzędowe - Statystyki

Ogólne statystyki
  • Ten quiz został rozwiązany 190 razy
  • Średni wynik to 14 z 20
Statystyki odpowiedzi
Grupa # Kategoria % Poprawnych
Zielona 37 Urzędowy języki w Azji
100%
Zielona 22 ... i NIE jest indoeuropejski
99%
Zielona 16 ... i NIE jest turecki
97%
Zielona 5 ... i jest urzędowy w kilku krajach
94%
Niebieska 35 Języki urzędowe w Europie
92%
Niebieska 24 ... jest urzędowym w Unii Europejskiej
92%
Niebieska 13 ... z ponad 10 milionami mówców
92%
Niebieska 6 ... i jest urzędowy tylko w jednym kraju europejskim
92%
Żółta 31 Urzędowy w kilku państwach
92%
Żółta 24 ... z liczbą użytkowników mniejszą niż 90 milionów
80%
Fioletowa 47 Oficjalnie poza Azją i Europą
74%
Fioletowa 41 ... który NIE jest rodzimy dla Europy
69%
Żółta 9 ... z ponad 20 milionami mówców
66%
Niebieska 1 ... NIE używa alfabetu łacińskiego Grecki
60%
Żółta 3 ... jej mówcami są głównie muzułmanie
50%
Fioletowa 29 ... jest urzędowy tylko w jednym kraju
37%
Fioletowa 9 ... z ponad 7 milionami mówców
32%
Żółta 1 ... używa alfabetu arabskiego Perski
26%
Fioletowa 1 ... ostatni alfabatycznie Zulu
25%
Zielona 1 ... używa alfabetu łacińskiego Malajski
16%
Nie znaleziono quizów pasujących do podanych kryteriów
Rozkład punktacji
Procent ludzi z każdym wynikiem
Percentyl według liczby udzielonych odpowiedzi
Twoja historia wyników
Nie rozwiązałeś tego quizu